000
00229nam a2200073Ia 4500
008
170817s9999 xx 000 0 und d
100
_a
OBULESU M.C.
245
0
_a
TOTAL LITRARY C---------------------------------------------/////////////
260
_b
DISCOVERY PUB.
999
_c
37792
_d
37792